Acteurs internationaux par images - Statistiques

Statistiques générales
  • Ce quiz a été pris 106 fois
  • Le résultat moyen est 22 sur 42
Statistiques - réponses
Par images Hint Réponse % Correct
1974 Leonardo DiCaprio
94%
1968 Will Smith
94%
1963 Brad Pitt
92%
1956 Tom Hanks
89%
1955 Bruce Willis
82%
1962 Jim Carrey
77%
1965 Robert Downey Jr
77%
1986 Robert Pattinson
77%
1972 Dwayne Johnson
76%
1995 Timothée Chalamet
75%
1996 Tom Holland
75%
1964 Keanu Reeves
72%
1967 Jason Statham
70%
1970 Matt Damon
70%
1980 Ryan Gosling
70%
1989 Daniel Radcliffe
69%
1987 Zac Efron
59%
1979 Jason Momoa
58%
1975 Bradley Cooper
55%
1981 Rami Malek
54%
1976 Ryan Reynolds
54%
1973 Adrien Brody
51%
1977 Orlando Bloom
48%
1969 Javier Bardem
45%
1961 Eddie Murphy
43%
1988 Rupert Grint
43%
1983 Henry Cavill
42%
1990 Liam Hemsworth
39%
1960 Antonio Banderas
36%
1971 Ewan McGregor
34%
1958 Viggo Mortensen
34%
1966 Patrick Dempsey
33%
1959 Hugh Laurie
29%
1957 Daniel Day-Lewis
28%
1978 Ashton Kutcher
25%
1984 Theo James
24%
1985 Frankie Muniz
20%
1993 Will Poulter
13%
1982 Eddie Redmayne
12%
1992 Freddie Highmore
12%
1991 Jeremy Allen White
12%
1994 Ansel Elgort
6%
Aucun quiz correspondant
Distribution des résultats
% des personnes avec chaque résultat
Percentile par nombre de réponses
Votre historique - résultats
Vous n’avez pas pris ce quiz